00889nam a22002177a 4500003000900000008004100009020001800050040007100068082002000139100004200159245015100201260007200352300005900424505007200483650001300555650001300568650001100581650002200592650002700614700003000641AR-CdUCM190322b ||||| |||| 00| 0 spa d a84-7232-614-4 aMUNICIPALIDAD PROVINCIAL DEL CUSCOcBIBLIOTECA MUNICIPAL DEL CUSCO a388.0968 /bM84 aMontallbán Carrasco, Juan Francisco aEl papel de los transportes en la economía política de África Austral = The role of transports in the political economy of Southern Africa / aMadrid :bAgencia Española de Cooperación Internacional,c1991. a103 paginas ;bmapas, cuadros, ilustraciones, c24 cm. aContenido: Abreviaturas -- el papel de los transportes -- mapas --  aEconomia aPolitica aAfrica aAfrica meridional aCondiciones Economicas aRemiro Brotóns, Antonio